[Event "London Classic op U2050-B 11th"]
[Site "London"]
[Date "2019.12.04"]
[Round "3"]
[White "Cohen, Lawrence S"]
[Black "Mata, Andrew B"]
[Result "1/2-1/2"]
[WhiteElo "1824"]
[BlackElo "1756"]
[PlyCount "73"]
[EventDate "2019.12.02"]
[EventType "swiss"]
[EventRounds "5"]
[EventCountry "ENG"]
[SourceTitle "CBM 195 Extra"]
[Source "ChessBase"]
[SourceDate "2020.05.31"]
[SourceVersion "1"]
[SourceVersionDate "2020.05.31"]
[SourceQuality "1"]

1. c4 Nf6 2. g3 c5 3. Bg2 g6 4. Nc3 Bg7 5. e3 Nc6 6. Nge2 d6 7. 0-0 0-0 8. d4 cxd4 9. exd4 Bg4 10. f3 Bd7 11. Be3 a6 12. Qd2 Re8 13. b3 e5 14. d5 Ne7 15. Rac1 Qa5 16. Ne4 Qxd2 17. Nxf6+ Bxf6 18. Bxd2 Nf5 19. Nc3 Nd4 20. Ne4 Be7 21. Kh1 f5 22. Nf2 a5 23. Nd3 b6 24. Rfe1 Kg7 25. h3 h6 26. Bc3 Bf6 27. b4 axb4 28. Bxb4 Rxa2 29. Bxd6 e4 30. fxe4 fxe4 31. Rxe4 Rxe4 32. Bxe4 Bxh3 33. Nf4 Bg4 34. c5 bxc5 35. Rxc5 Ra1+ 36. Kg2 Ra2+ 37. Kh1 1/2-1/2

[Event "London Classic Weekend op 11th"]
[Site "London"]
[Date "2019.12.01"]
[Round "4"]
[White "Cohen, Lawrence S"]
[Black "Metcalfe, Charlie P"]
[Result "1-0"]
[WhiteElo "1824"]
[BlackElo "1867"]
[PlyCount "77"]
[EventDate "2019.11.29"]
[EventType "swiss"]
[EventRounds "5"]
[EventCountry "ENG"]
[SourceTitle "CBM 193 Extra"]
[Source "ChessBase"]
[SourceDate "2020.01.31"]
[SourceVersion "1"]
[SourceVersionDate "2020.01.31"]
[SourceQuality "1"]

1. c4 e5 2. g3 Nf6 3. Bg2 d5 4. cxd5 Nxd5 5. Nc3 Nb6 6. Nf3 Nc6 7. 0-0 Be7 8. d3 0-0 9. a3 Be6 10. b4 a5 11. b5 Nd4 12. Nxd4 exd4 13. Na4 Bd5 14. Nxb6 cxb6 15. a4 Bxg2 16. Kxg2 Bc5 17. e4 Qd7 18. Qb3 Rac8 19. Bd2 Rfe8 20. h3 Kh8 21. f4 f5 22. e5 Re7 23. Rac1 Rce8 24. Bxa5 g5 25. Bd2 h5 26. Qd1 Qd5+ 27. Kh2 Qf7 28. Rf2 h4 29. gxh4 gxh4 30. Qf3 Rg8 31. Rg1 Rxg1 32. Kxg1 Qg8+ 33. Rg2 Rg7 34. Qh5+ Qh7 35. Qe8+ Qg8 36. Qxg8+ Rxg8 37. Rxg8+ Kxg8 38. Be1 Be7 39. Bf2 1-0

[Event "London Classic Weekend op 11th"]
[Site "London"]
[Date "2019.11.30"]
[Round "2"]
[White "Cohen, Lawrence S"]
[Black "Edwards, Simon R"]
[Result "1/2-1/2"]
[WhiteElo "1824"]
[BlackElo "1957"]
[PlyCount "36"]
[EventDate "2019.11.29"]
[EventType "swiss"]
[EventRounds "5"]
[EventCountry "ENG"]
[SourceTitle "CBM 193 Extra"]
[Source "ChessBase"]
[SourceDate "2020.01.31"]
[SourceVersion "1"]
[SourceVersionDate "2020.01.31"]
[SourceQuality "1"]

1. c4 c5 2. g3 g6 3. Bg2 Bg7 4. Nc3 e6 5. e3 Ne7 6. Nge2 0-0 7. 0-0 d5 8. cxd5 Nxd5 9. Nxd5 exd5 10. d4 cxd4 11. Nxd4 Nc6 12. b3 Nxd4 13. exd4 Bf5 14. Be3 Qd7 15. Qd2 Rfc8 16. Rac1 Bh3 17. Rxc8+ Rxc8 18. Rc1 Bxg2 1/2-1/2

[Event "London Classic Weekend op 11th"]
[Site "London"]
[Date "2019.11.29"]
[Round "1"]
[White "Bonn, Thomas"]
[Black "Cohen, Lawrence S"]
[Result "1-0"]
[WhiteElo "2199"]
[BlackElo "1824"]
[PlyCount "109"]
[EventDate "2019.11.29"]
[EventType "swiss"]
[EventRounds "5"]
[EventCountry "ENG"]
[SourceTitle "CBM 193 Extra"]
[Source "ChessBase"]
[SourceDate "2020.01.31"]
[SourceVersion "1"]
[SourceVersionDate "2020.01.31"]
[SourceQuality "1"]

1. d4 Nf6 2. c4 g6 3. Nc3 Bg7 4. e4 d6 5. f3 0-0 6. Be3 b6 7. Qd2 c5 8. Nge2 Ba6 9. b3 Nbd7 10. g4 h5 11. h3 Rc8 12. d5 Ne5 13. Bg2 Rb8 14. f4 Nexg4 15. hxg4 Nxg4 16. a4 Nxe3 17. Qxe3 Bc8 18. 0-0 Bg4 19. Bf3 Bxf3 20. Rxf3 e6 21. Raf1 Re8 22. Qd3 Qe7 23. Rg3 e5 24. f5 g5 25. f6 Bxf6 26. Qf3 h4 27. Qxf6 Qxf6 28. Rxf6 hxg3 29. Rxd6 Red8 30. Rc6 Rbc8 31. Rxc8 Rxc8 32. Nb5 a6 33. Na7 Rc7 34. Nc6 Kf8 35. Nxg3 f6 36. Nf5 Ke8 37. Kg2 a5 38. Kg3 Rh7 39. d6 Rb7 40. Nce7 Kd7 41. Kg4 Rb8 42. Nd5 Ke6 43. Nc7+ Kd7 44. Nb5 Rh8 45. Ne7 Rh4+ 46. Kg3 Rxe4 47. Nd5 Re1 48. Nxf6+ Ke6 49. Kf2 Rb1 50. Nd5 Rxb3 51. Nxb6 e4 52. d7 Rd3 53. Na7 g4 54. Nc6 g3+ 55. Kg2 1-0

[Event "Lisbon Portugal op"]
[Site "Lisbon"]
[Date "2018.02.03"]
[Round "1"]
[White "Radovanovic, Mihajlo"]
[Black "Cohen, Lawrence S"]
[Result "1-0"]
[WhiteElo "2422"]
[BlackElo "1866"]
[PlyCount "73"]
[EventDate "2018.02.03"]
[EventType "swiss"]
[EventRounds "9"]
[EventCountry "POR"]
[SourceTitle "CBM 182 Extra"]
[Source "ChessBase"]
[SourceDate "2018.02.23"]
[SourceVersion "1"]
[SourceVersionDate "2018.02.23"]
[SourceQuality "1"]

1. Nf3 c5 2. c4 Nf6 3. Nc3 Nc6 4. g3 g6 5. Bg2 Bg7 6. 0-0 0-0 7. d4 cxd4 8. Nxd4 Nxd4 9. Qxd4 d6 10. Qd3 Rb8 11. Bd2 Bf5 12. e4 Be6 13. Rac1 Ng4 14. b3 a6 15. h3 Ne5 16. Qe2 Nc6 17. Rfd1 Qd7 18. Qf1 f5 19. Be3 fxe4 20. Nxe4 Qc8 21. c5 d5 22. Ng5 d4 23. Nxe6 Qxe6 24. Bxc6 Qxc6 25. Qc4+ Kh8 26. Bxd4 e5 27. Be3 Rbd8 28. Rd6 Qc8 29. Rcd1 Rde8 30. Rd7 Rd8 31. Qe6 Rxd7 32. Qxd7 Kg8 33. Qxc8 Rxc8 34. Rd7 Rb8 35. b4 h6 36. a4 g5 37. b5 1-0

[Event "Reykjavik op"]
[Site "Reykjavik"]
[Date "2016.03.13"]
[Round "7"]
[White "Cohen, Lawrence S"]
[Black "Finnsson, Johann Arnar"]
[Result "1-0"]
[WhiteElo "1930"]
[BlackElo "1664"]
[PlyCount "170"]
[EventDate "2016.03.08"]
[EventType "swiss"]
[EventRounds "10"]
[EventCountry "ISL"]
[SourceTitle "CBM 171 Extra"]
[Source "ChessBase"]
[SourceDate "2016.04.26"]
[SourceVersion "1"]
[SourceVersionDate "2016.04.26"]
[SourceQuality "1"]

1. c4 g6 2. g3 Bg7 3. Bg2 e5 4. Nc3 Ne7 5. e3 c5 6. Nge2 Nbc6 7. 0-0 0-0 8. Nb5 d6 9. d4 a6 10. d5 Nb8 11. Nbc3 Nd7 12. e4 f5 13. Qd3 Nf6 14. f3 Qc7 15. Be3 Bd7 16. a4 b6 17. Qd2 Rf7 18. f4 Ng4 19. fxe5 Nxe5 20. b3 Raf8 21. Rad1 fxe4 22. Nxe4 Rxf1+ 23. Rxf1 Rxf1+ 24. Kxf1 Nf5 25. Bg5 b5 26. axb5 axb5 27. Nf6+ Bxf6 28. Bxf6 bxc4 29. Bxe5 dxe5 30. bxc4 Qd6 31. Nc3 Qf6 32. Kg1 Nd4 33. Ne4 Qa6 34. Qf2 Kg7 35. Nxc5 Qd6 36. Nxd7 Qxd7 37. c5 Qb5 38. c6 Qc5 39. Kh1 Qc1+ 40. Qf1 Qc5 41. Qg1 Qd6 42. Qb1 Qc5 43. Qb2 Kh6 44. Qf2 Kg7 45. h3 Qd6 46. Qb2 Qc5 47. Kh2 Kh6 48. Qb8 Ne2 49. Qb1 Qf2 50. Qd1 Qxg3+ 51. Kh1 Nf4 52. Qf3 Qe1+ 53. Kh2 Nxg2 54. Qxg2 Qb4 55. Qf2 Qd6 56. Qe3+ Kh5 57. Qe4 Kh6 58. h4 Kg7 59. Kg2 Kh6 60. Qe3+ Kg7 61. Qd3 Qc5 62. Kh3 Qd6 63. Qc4 Qc7 64. d6 Qxd6 65. c7 Qd7+ 66. Kg3 Qc8 67. Qc5 h5 68. Qe7+ Kh6 69. Qd8 Qg4+ 70. Kf2 Qf4+ 71. Ke2 Qc4+ 72. Kd2 Qb4+ 73. Kd3 e4+ 74. Ke3 Qe1+ 75. Kf4 Qf1+ 76. Kxe4 Qf5+ 77. Kd4 Qf2+ 78. Kd5 Qf5+ 79. Kc6 Qc2+ 80. Kd7 Qf5+ 81. Ke8 Qe6+ 82. Qe7 Qc8+ 83. Kf7 Qf5+ 84. Kg8 Qd5+ 85. Qf7 g5 1-0

[Event "Reykjavik op"]
[Site "Reykjavik"]
[Date "2016.03.09"]
[Round "3"]
[White "Cohen, Lawrence S"]
[Black "Ptacnikova, Lenka"]
[Result "1/2-1/2"]
[WhiteElo "1930"]
[BlackElo "2192"]
[PlyCount "102"]
[EventDate "2016.03.08"]
[EventType "swiss"]
[EventRounds "10"]
[EventCountry "ISL"]
[SourceTitle "CBM 171 Extra"]
[Source "ChessBase"]
[SourceDate "2016.04.26"]
[SourceVersion "1"]
[SourceVersionDate "2016.04.26"]
[SourceQuality "1"]

1. c4 b6 2. Nc3 Bb7 3. e3 e6 4. Nf3 Nf6 5. a3 Be7 6. d4 d5 7. cxd5 exd5 8. Bd3 0-0 9. 0-0 Nbd7 10. b4 c5 11. bxc5 bxc5 12. dxc5 Nxc5 13. Be2 Rc8 14. Nb5 a6 15. Nbd4 Nfe4 16. Bd2 Nxd2 17. Nxd2 Bf6 18. Rb1 Rc7 19. Rb4 g6 20. Qb1 Qe7 21. Re1 Re8 22. N2f3 Ne4 23. Bf1 a5 24. Rb6 Nd2 25. Qb5 Nxf3+ 26. Nxf3 Rec8 27. Rd1 Bc3 28. Nd4 Ba8 29. Qa6 Bxd4 30. Rxd4 Qxa3 31. Rb5 Rc1 32. Rxa5 Qe7 33. Ra1 Bb7 34. Qa5 Qf6 35. Qa3 R1c2 36. Rf4 Qe5 37. Rd1 h5 38. Qb4 Bc6 39. Qd4 Qxd4 40. Rfxd4 Rb8 41. Bd3 Ra2 42. h4 Rbb2 43. Rf1 Rd2 44. Bb1 Rxd4 45. Bxa2 Rxh4 46. Rd1 Ra4 47. Bxd5 Bxd5 48. Rxd5 Ra2 49. g3 Kg7 50. Kg2 Kf6 51. Rd7 Ke6 1/2-1/2

[Event "Canadian op U2400"]
[Site "Montreal"]
[Date "2014.07.24"]
[Round "7"]
[White "De Lagrave, Sylvain"]
[Black "Cohen, Lawrence S"]
[Result "1/2-1/2"]
[WhiteElo "1911"]
[BlackElo "1922"]
[PlyCount "48"]
[EventDate "2014.07.19"]
[EventType "swiss"]
[EventRounds "9"]
[EventCountry "CAN"]
[SourceTitle "EXT 2022"]
[Source "ChessBase"]
[SourceDate "2021.10.06"]
[SourceVersion "1"]
[SourceVersionDate "2021.10.06"]
[SourceQuality "1"]

1. e4 c5 2. Nf3 e6 3. c3 d5 4. e5 Nc6 5. d4 Nge7 6. Na3 a6 7. Nc2 Ng6 8. h4 Be7 9. h5 Nf8 10. g3 Nd7 11. Bh3 Qc7 12. h6 g6 13. Bg5 Ndxe5 14. Bxe7 Nxf3+ 15. Qxf3 Qxe7 16. dxc5 Bd7 17. b4 0-0-0 18. Qe3 e5 19. Bxd7+ Rxd7 20. a4 d4 21. cxd4 Nxd4 22. Nxd4 exd4 23. Qxe7 Rxe7+ 24. Kd2 Rhe8 1/2-1/2

[Event "Canadian op U2400"]
[Site "Montreal"]
[Date "2014.07.20"]
[Round "2"]
[White "Cohen, Lawrence S"]
[Black "Nikulich, Oleksandr"]
[Result "1-0"]
[WhiteElo "1922"]
[BlackElo "2008"]
[PlyCount "81"]
[EventDate "2014.07.19"]
[EventType "swiss"]
[EventRounds "9"]
[EventCountry "CAN"]
[SourceTitle "EXT 2022"]
[Source "ChessBase"]
[SourceDate "2021.10.06"]
[SourceVersion "1"]
[SourceVersionDate "2021.10.06"]
[SourceQuality "1"]

1. c4 f5 2. g3 Nf6 3. Bg2 g6 4. Nc3 Bg7 5. Nf3 0-0 6. 0-0 d6 7. d4 Qe8 8. d5 e5 9. dxe6 Bxe6 10. Nd5 Nxd5 11. cxd5 Bf7 12. Ng5 Qe7 13. e4 h6 14. Nxf7 Qxf7 15. exf5 Qxf5 16. Be3 Kh7 17. Rc1 Rf7 18. Rc4 b6 19. Rf4 Qd7 20. Rh4 Qe7 21. Qd2 Qf8 22. Qc2 Na6 23. Be4 Rf6 24. Bg5 Nc5 25. Bxf6 Qxf6 26. Rf4 Qg5 27. h4 Qh5 28. Bf3 Qe5 29. h5 Qg5 30. b4 Nd7 31. Qxc7 Ne5 32. hxg6+ Nxg6 33. Rg4 Qe7 34. Qc6 Rf8 35. Be4 Rf6 36. Qc2 Qf7 37. Re1 h5 38. Rxg6 Rxg6 39. Bxg6+ Qxg6 40. Qxg6+ Kxg6 41. Re6+ 1-0

[Event "Gibraltar Challengers-A 10th"]
[Site "Caleta"]
[Date "2012.01.27"]
[Round "5"]
[White "Gravett, Alan David"]
[Black "Cohen, Lawrence S"]
[Result "0-1"]
[WhiteElo "1931"]
[BlackElo "1971"]
[PlyCount "92"]
[EventDate "2012.01.23"]
[EventType "swiss"]
[EventRounds "5"]
[EventCountry "GGB"]
[SourceTitle "CBM 146 Extra"]
[Source "ChessBase"]
[SourceDate "2012.02.29"]
[SourceVersion "1"]
[SourceVersionDate "2012.02.29"]
[SourceQuality "1"]

1. g3 d5 2. Nf3 c5 3. c4 d4 4. d3 Nc6 5. Bg2 e5 6. 0-0 Nf6 7. Na3 Be7 8. Nc2 0-0 9. a3 a5 10. b3 h6 11. h3 Qc7 12. Rb1 Rb8 13. e3 b5 14. exd4 cxd4 15. cxb5 Rxb5 16. Re1 Be6 17. b4 axb4 18. axb4 Bf5 19. Ncxd4 exd4 20. Nh4 Be6 21. Qa4 Rxb4 22. Bf4 Rxa4 23. Bxc7 Nb4 24. Bb6 Nfd5 25. Bxd4 Nc2 26. Bxd5 Nxe1 27. Bxe6 Bxh4 28. Bc5 fxe6 29. Bxf8 Nf3+ 30. Kg2 Kxf8 31. Kxf3 Be7 32. Rc1 Kf7 33. Rc4 Ra5 34. Rf4+ Bf6 35. Ke4 Ke7 36. Kf3 Rd5 37. Ke2 Bd4 38. Re4 Kd6 39. Rg4 h5 40. Re4 Re5 41. Kf3 Rf5+ 42. Rf4 Rxf4+ 43. gxf4 Kd5 44. Kg3 Bf6 45. Kf3 Kd4 46. Ke2 Bh4 0-1

[Event "Gibraltar Challengers-A 10th"]
[Site "Caleta"]
[Date "2012.01.26"]
[Round "4"]
[White "Cohen, Lawrence S"]
[Black "Hansen, Henrik Damgaard"]
[Result "1-0"]
[WhiteElo "1971"]
[BlackElo "1859"]
[PlyCount "79"]
[EventDate "2012.01.23"]
[EventType "swiss"]
[EventRounds "5"]
[EventCountry "GGB"]
[SourceTitle "CBM 146 Extra"]
[Source "ChessBase"]
[SourceDate "2012.02.29"]
[SourceVersion "1"]
[SourceVersionDate "2012.02.29"]
[SourceQuality "1"]

1. c4 g6 2. g3 Bg7 3. Bg2 e5 4. Nc3 Ne7 5. e3 c5 6. Nge2 0-0 7. 0-0 Nbc6 8. d3 d6 9. a3 a5 10. Nb5 Be6 11. Rb1 f5 12. b3 Qd7 13. d4 cxd4 14. exd4 d5 15. dxe5 Bxe5 16. Nf4 dxc4 17. Qxd7 Bxd7 18. bxc4 Nd8 19. Re1 Bf6 20. Nd5 Nxd5 21. Bxd5+ Kg7 22. Bf4 Bc6 23. Nc7 Rc8 24. Be6 Nxe6 25. Nxe6+ Kf7 26. Nxf8 Rxf8 27. Bd6 Rd8 28. c5 Rd7 29. Rb3 Bd5 30. Rbe3 Be4 31. Rxe4 fxe4 32. Rxe4 b5 33. Re3 b4 34. axb4 axb4 35. Kf1 Bd4 36. Rd3 Be5 37. Rf3+ Ke6 38. Re3 Rxd6 39. cxd6 Kxd6 40. Ke1 1-0

[Event "Gibraltar Challengers-A 10th"]
[Site "Caleta"]
[Date "2012.01.24"]
[Round "2"]
[White "Cohen, Lawrence S"]
[Black "Riiser, Samuel"]
[Result "1/2-1/2"]
[WhiteElo "1971"]
[BlackElo "1827"]
[PlyCount "70"]
[EventDate "2012.01.23"]
[EventType "swiss"]
[EventRounds "5"]
[EventCountry "GGB"]
[SourceTitle "CBM 146 Extra"]
[Source "ChessBase"]
[SourceDate "2012.02.29"]
[SourceVersion "1"]
[SourceVersionDate "2012.02.29"]
[SourceQuality "1"]

1. c4 e5 2. g3 g6 3. Nc3 Nc6 4. Bg2 Bg7 5. e3 Nge7 6. Nge2 0-0 7. 0-0 f5 8. d4 d6 9. d5 Nb8 10. Bd2 Bd7 11. Rc1 Na6 12. Be1 g5 13. f3 Ng6 14. a3 f4 15. e4 h5 16. gxf4 gxf4 17. Kh1 Kh7 18. Bf2 Bf6 19. b4 Qc8 20. Ng1 Nh4 21. Bxh4 Bxh4 22. Rc2 b6 23. Qe2 Rg8 24. Ra1 Be7 25. Raa2 h4 26. Qf1 Rg6 27. h3 Nb8 28. b5 a6 29. a4 Be8 30. Nd1 Nd7 31. Nf2 Nf6 32. Ng4 Nh5 33. Kh2 Ng3 34. Qd3 Bd7 35. Rf2 a5 1/2-1/2

[Event "Canadian op 48th"]
[Site "Toronto"]
[Date "2011.07.12"]
[Round "4"]
[White "Cohen, Lawrence S"]
[Black "Ivanov, Mike"]
[Result "1/2-1/2"]
[WhiteElo "2001"]
[BlackElo "1934"]
[PlyCount "84"]
[EventDate "2011.07.09"]
[EventType "swiss"]
[EventRounds "9"]
[EventCountry "CAN"]
[SourceTitle "CBM 143 Extra"]
[Source "ChessBase"]
[SourceDate "2011.08.29"]
[SourceVersion "1"]
[SourceVersionDate "2011.08.29"]
[SourceQuality "1"]

1. c4 g6 2. g3 Bg7 3. Bg2 Nc6 4. Nc3 e5 5. e3 Nge7 6. Nge2 0-0 7. 0-0 d6 8. d4 f5 9. d5 Nb8 10. e4 Nd7 11. Be3 Nf6 12. Qd2 Ng4 13. Bg5 h6 14. h3 hxg5 15. hxg4 f4 16. f3 Bd7 17. b4 a5 18. b5 Qb8 19. Na4 Qa7+ 20. Kh2 Kf7 21. Bh3 Rh8 22. Kg2 Ng8 23. Nec3 b6 24. Rh1 Nf6 25. Rh2 Rh6 26. Rah1 Rah8 27. Nd1 Qa8 28. Nf2 Qd8 29. Nc3 Bc8 30. a4 Nd7 31. Nd3 Qf6 32. Qf2 R8h7 33. Kg1 Bf8 34. Ne2 Qh8 35. Bf1 fxg3 36. Qxg3 Rh4 37. Nc3 Nf6 38. Be2 Nd7 39. Nd1 Qf6 40. Ne3 Nc5 41. Nxc5 dxc5 42. Ng2 Rxh2 1/2-1/2

[Event "North American op 28th"]
[Site "Stillwater"]
[Date "2010.05.31"]
[Round "9"]
[White "Cohen, Lawrence S"]
[Black "Whitcomb, Bran"]
[Result "1-0"]
[WhiteElo "2031"]
[BlackElo "1979"]
[PlyCount "75"]
[EventDate "2010.05.28"]
[EventType "swiss"]
[EventRounds "10"]
[EventCountry "USA"]
[SourceTitle "CBM 136 Extra"]
[Source "ChessBase"]
[SourceDate "2010.07.02"]
[SourceVersion "2"]
[SourceVersionDate "2010.07.15"]
[SourceQuality "1"]

1. c4 c5 2. Nc3 g6 3. g3 Bg7 4. Bg2 Nc6 5. e3 e5 6. Nge2 Nge7 7. 0-0 0-0 8. f4 d6 9. d3 Be6 10. Nd5 Rb8 11. Nec3 a6 12. a4 Bxd5 13. cxd5 Nb4 14. e4 f5 15. fxe5 Bxe5 16. Be3 fxe4 17. Rxf8+ Qxf8 18. dxe4 Qg7 19. Qd2 Nc8 20. a5 Na7 21. Bh6 Bd4+ 22. Kh1 Qe5 23. Rf1 Nb5 24. Na4 Qh5 25. Qf4 Bf6 26. Nb6 Nd3 27. Qxf6 Qxh6 28. Nd7 Ra8 29. e5 Nxe5 30. Nxe5 dxe5 31. d6 Qg7 32. Qe6+ Kh8 33. Rf7 Nd4 34. Qe7 Qh6 35. Qxe5+ Kg8 36. d7 Kxf7 37. Bd5+ Kf8 38. Qf6# 1-0

[Event "USA-ch Qualifier"]
[Site "Tulsa"]
[Date "2008.03.30"]
[Round "7"]
[White "Cohen, Lawrence S"]
[Black "Bayaraa, Zorigt"]
[Result "1-0"]
[WhiteElo "2022"]
[BlackElo "2162"]
[PlyCount "123"]
[EventDate "2008.03.28"]
[EventType "swiss"]
[EventRounds "7"]
[EventCountry "USA"]
[SourceTitle "CBM 123 Extra"]
[Source "ChessBase"]
[SourceDate "2008.05.06"]
[SourceVersion "1"]
[SourceVersionDate "2008.05.06"]
[SourceQuality "1"]

1. c4 b6 2. Nf3 Bb7 3. g3 e6 4. Bg2 Nf6 5. Nc3 Be7 6. 0-0 0-0 7. d4 Ne4 8. Nxe4 Bxe4 9. Nh4 Bxg2 10. Nxg2 d5 11. cxd5 exd5 12. Nf4 c6 13. Be3 Nd7 14. Rc1 Nb8 15. f3 Re8 16. Bf2 Bg5 17. Rc2 Bxf4 18. gxf4 Qf6 19. e3 Nd7 20. Kh1 Re6 21. Qd3 g6 22. Qa6 Qf5 23. Rcc1 Qh3 24. Bg1 Rae8 25. Qd3 Nf6 26. Qd2 Nh5 27. Qg2 Qf5 28. Qc2 Qf6 29. Bf2 Ng7 30. Qb3 Nf5 31. Rc3 Qe7 32. Qa3 Qd7 33. b4 Nd6 34. Qc1 Nf5 35. Re1 R8e7 36. a3 a6 37. Qd2 Qe8 38. Kg1 Kg7 39. a4 h6 40. Qd3 b5 41. a5 Nd6 42. h4 Qd7 43. Kg2 Re8 44. h5 Nc4 45. e4 dxe4 46. fxe4 Rxe4 47. Rxe4 Qd5 48. hxg6 fxg6 49. Kg3 Rxe4 50. Rc2 Qf5 51. Qf3 h5 52. Re2 h4+ 53. Kg2 Rxf4 54. Qxc6 h3+ 55. Kf1 Kh6 56. Qa8 Qb1+ 57. Re1 Qd3+ 58. Kg1 Qf5 59. Qh8+ Kg5 60. Qd8+ Kg4 61. Qh4+ Kf3 62. Qg3# 1-0

[Event "Reno Far West op"]
[Site "Reno"]
[Date "2004.04.11"]
[Round "5"]
[White "Cohen, Lawrence S"]
[Black "Gray, Grover"]
[Result "1-0"]
[WhiteElo "2000"]
[BlackElo "1960"]
[PlyCount "109"]
[EventDate "2004.04.09"]
[EventType "swiss"]
[EventRounds "6"]
[EventCountry "USA"]
[SourceTitle "EXT 2009"]
[Source "ChessBase"]
[SourceDate "2008.11.26"]
[SourceVersion "1"]
[SourceVersionDate "2008.11.26"]
[SourceQuality "1"]

1. c4 e5 2. g3 Nc6 3. Bg2 Bc5 4. Nc3 d6 5. e3 Nge7 6. Nge2 Bf5 7. d3 Qc8 8. a3 a5 9. h3 h6 10. b3 0-0 11. g4 Bd7 12. e4 Nd4 13. Ng3 Ng6 14. Nf5 Bxf5 15. exf5 Nh4 16. Be4 Qd8 17. Rb1 c6 18. b4 axb4 19. axb4 Bb6 20. 0-0 Qd7 21. Kh2 Bd8 22. f4 exf4 23. Bxf4 Bg5 24. Rb2 Ra3 25. Bxg5 hxg5 26. Qd2 f6 27. Nb1 Ra1 28. Qe3 c5 29. bxc5 dxc5 30. Bxb7 Re8 31. Bd5+ Kh8 32. Qf2 Qd6+ 33. Kg1 Qe5 34. Be4 Kh7 35. Kh1 Re7 36. Qh2 Qxh2+ 37. Kxh2 Rea7 38. Rff2 R1a5 39. Nc3 Re7 40. Nb5 Rxe4 41. dxe4 Nhf3+ 42. Kg3 Ne5 43. Nxd4 cxd4 44. Ra2 Rc5 45. Rfc2 d3 46. Rc3 Kg8 47. Kf2 Kf7 48. Ra7+ Kg8 49. Ke3 Nxc4+ 50. Kxd3 Ne5+ 51. Kc2 Rb5 52. Rc8+ Kh7 53. Rcc7 Rb4 54. Rxg7+ Kh8 55. Rgb7 1-0

[Event "Reno Far West op"]
[Site "Reno"]
[Date "2004.04.10"]
[Round "4"]
[White "MacKenzie, Dana N"]
[Black "Cohen, Lawrence S"]
[Result "1-0"]
[WhiteElo "2126"]
[BlackElo "2000"]
[PlyCount "83"]
[EventDate "2004.04.09"]
[EventType "swiss"]
[EventRounds "6"]
[EventCountry "USA"]
[SourceTitle "EXT 2009"]
[Source "ChessBase"]
[SourceDate "2008.11.26"]
[SourceVersion "1"]
[SourceVersionDate "2008.11.26"]
[SourceQuality "1"]

1. e4 e6 2. Nf3 d5 3. Nc3 Ne7 4. d4 c6 5. Bd3 b6 6. 0-0 Ba6 7. Re1 Bxd3 8. Qxd3 a6 9. Ng5 h6 10. Qh3 Qd7 11. f4 Ng6 12. Nxf7 Nxf4 13. Bxf4 Kxf7 14. Na4 e5 15. Nxb6 Qxh3 16. gxh3 Ra7 17. Bxe5 Nd7 18. Nxd7 Rxd7 19. exd5 cxd5 20. Re2 Kg6 21. Bg3 Rb7 22. c3 Be7 23. Rg2 Kh7 24. Be5 Bg5 25. Re2 Re8 26. Kg2 Re6 27. Rc2 Rg6 28. Kf3 Rf7+ 29. Ke2 Bh4 30. Rh1 Rg2+ 31. Kd1 Rff2 32. Rxf2 Bxf2 33. Rf1 Be3 34. Rf7 Kg8 35. Rb7 g5 36. a4 Rd2+ 37. Ke1 Rc2 38. a5 Bc1 39. Kd1 Rxb2 40. Rg7+ Kf8 41. Kxc1 Rxh2 42. Bxh2 1-0

[Event "Reno Far West op"]
[Site "Reno"]
[Date "2004.04.09"]
[Round "1"]
[White "Langer, Mikhail"]
[Black "Cohen, Lawrence S"]
[Result "1/2-1/2"]
[WhiteElo "2298"]
[BlackElo "2000"]
[PlyCount "65"]
[EventDate "2004.04.09"]
[EventType "swiss"]
[EventRounds "6"]
[EventCountry "USA"]
[SourceTitle "EXT 2009"]
[Source "ChessBase"]
[SourceDate "2008.11.26"]
[SourceVersion "1"]
[SourceVersionDate "2008.11.26"]
[SourceQuality "1"]

1. e4 e6 2. d4 d5 3. Nd2 Ne7 4. Bd3 b6 5. c3 c6 6. Ne2 a5 7. 0-0 g6 8. Nf3 Bg7 9. Bf4 Ba6 10. Re1 Bxd3 11. Qxd3 dxe4 12. Qxe4 0-0 13. Be5 Nd7 14. Bxg7 Kxg7 15. Ne5 Nf6 16. Qf3 Rc8 17. Nf4 Ned5 18. Nxf7 Kxf7 19. Nxe6 Qd6 20. c4 Nc7 21. Nxf8 Rxf8 22. Re2 Ne6 23. Rae1 Nxd4 24. Re7+ Kg8 25. Qh3 Qc5 26. b3 Nf5 27. R7e6 Ng7 28. R6e5 Qd4 29. Qe3 Qh4 30. Qg3 Qd4 31. Qe3 Qh4 32. Qg3 Qd4 33. Qe3 1/2-1/2